| 000 | 00653nam a2200217 a 4500 | ||
|---|---|---|---|
| 001 | 000014427 | ||
| 005 | 20200929163842.0 | ||
| 008 | 091214s1990 cu 000 f spa d | ||
| 040 |
_aDO-SdBNP _bspa _cBNPHU |
||
| 082 |
_aCu863.44 _bV331m |
||
| 100 | 1 |
_aVasco, Justo E., _d1933-2006 _932552 |
|
| 245 | 1 | 3 |
_aEl muro / _cJusto E. Vasco. |
| 260 |
_aLa Habana : _bLetras Cubanas, _c1990. |
||
| 300 |
_a189 p. ; _c19 cm. |
||
| 490 | 1 |
_aRadal _v74 |
|
| 586 | _aPremio novela 1986 del concurso Aniversario de la Revolución | ||
| 650 | 4 |
_aNovela cubana _92316 |
|
| 650 | 4 |
_aLiteratura cubana _ySIGLO XX _99186 |
|
| 830 | 0 |
_aRadal ; _v74 _932553 |
|
| 049 | _aBNGR | ||
| 999 |
_c14018 _d14018 |
||